000 01978nam0a2200361 4500
001 RU\NLR\BIBL_A\022677214
005 20260303110727.0
021 _aRU
_bКН-П-25-063708
_9КН-П-25-6171
035 _a(NLR Aleph) 022677214
090 _a13555876
_c13555876
100 _a20251202d2025 k y0rusy50 ca
101 0 _arus
_deng
102 _aRU
105 _aa z 010yy
181 0 _ai3
_baxxe
182 0 _an
200 1 _aКак правильно опираться на экспериментальные данные при параметризации простых моделей ДНК
_fА. С. Шигаев, В. Д. Лахно
203 _aТекст
_bвизуальный
_cнепосредственный
210 _aМосква
_cИПМ им. М. В. Келдыша РАН
_d2025
215 _a16 с.
_cцв. ил.
_d21
225 1 _aПрепринты ИПМ им. М. В. Келдыша
_dKeldysh Institute Preprints
_fглавный редактор: Б. Н. Четверушкин, академик РАН
_zeng
225 1 _aПрепринт
_fИнститут прикладной математики имени М. В. Келдыша Российской академии наук
_x2071-2898
_v№ 48 за 2025 г.
300 _aРез. англ.
300 _aНа обл.: Рос. акад. наук. 300 лет
320 _aБиблиогр.: с. 12-16 (54 назв.)
606 1 _aДезоксирибонуклеиновые кислоты
_xСтруктура
_xМатематическое моделирование
_2nlr_sh1
_2nlr_sh2
_3RU\NLR\AUTH\66354299
686 1 _aЕ072.511.2в641.0
700 1 _aШигаев
_bА.С.
_cканд. физ.-мат. наук
_gАлексей Сергеевич
_3RU\NLR\AUTH\770189918
701 1 _aЛахно
_bВ. Д.
_f1951-
_gВиктор Дмитриевич
_3RU\NLR\AUTH\770189934
942 _cBOOK
980 _aNB